000 00572nam a2200217Ia 4500
005 20250508164442.0
008 008 250505s9999 xx 000 0 hin d
020 _a81-7033-31-5
037 _aTextual
040 _aFEDL
_beng
_cFEDL
041 _ahin
_2hin
084 _a301.03, RAW
_qFEDL
100 _aRawat Harikrishan
_9778177
245 0 _aSamajsastra kosh
260 _aJaipur, India
_bRawat Publications
_c1986
300 _a218p.
365 _aINR
_b100
650 _aSociology
942 _cTEXL
_h301.03, RAW
999 _c1389214
_d1389214